South Eastern Kenya University

Library Online Public Access Catalogue


Core concepts of accounting information systems / (Record no. 5550)

MARC details
000 -LEADER
fixed length control field 00695cam a2200205 a 4500
020 ## - ISBN
International Standard Book Number 0471283045 (pbk. : alk. paper)
050 00 - LIBRARY OF CONGRESS CALL NUMBER
Classification Number HF5679
Item Number .M62 1999
100 1# - MAIN ENTRY--Author
Personal name Moscove, Stephen A.
245 10 - TITLE
Title Core concepts of accounting information systems /
Statement of responsibility, etc Stephen A. Moscove, Mark G. Simkin, Nancy A. Bagranoff.
250 ## - EDITIONSTATEMENT
Edition statement 6th ed.
260 ## - PUBLICATION, DISTRIBUTION, ETC.(IMPRINT)
Place of publication, distribution, etc New York :
Name of publisher, distributor, etc John Wiley,
Date of publication, distribution, etc c1999.
300 ## - PHYSICAL DESCRIPTION
Extent viii, 488 p. :
650 #0 - SUBJECT--TOPIC
General subdivision Data processing.
650 #0 - SUBJECT--TOPIC
General subdivision Accounting.
700 1# - ADDED ENTRY--PERSONAL AUTHOR
Personal Name Simkin, Mark G.
700 1# - ADDED ENTRY--PERSONAL AUTHOR
Personal Name Bagranoff, Nancy A.
856 4# - URL/ELECTRONIC LOCATION AND ACCESS
Uniform Resource Identifier <a href="http://www.loc.gov/catdir/toc/onix02/98041571.html">http://www.loc.gov/catdir/toc/onix02/98041571.html</a>
856 42 - URL/ELECTRONIC LOCATION AND ACCESS
Uniform Resource Identifier <a href="http://www.loc.gov/catdir/enhancements/fy0706/98041571-d.html">http://www.loc.gov/catdir/enhancements/fy0706/98041571-d.html</a>
942 ## - ADDED ENTRY ELEMENTS(KOHA)
Source of classification or shelving scheme Library of Congress Classification
Koha item type General circulation
Holdings
Source of classification or shelving scheme Not for loan Location (home branch) Sublocation (holding branch) Shelving location Date accessioned Full call number Barcode Nonpublic note Koha item type
Library of Congress Classification   Kitui Town Campus Library Kitui Town Campus Library   10/07/2015 HF 5679 .M62 1999 2015/012288 jm General circulation
Kitui, Kenya.
+254736116989
library@seku.ac.ke